Statistics for Doline - K.S.Alpe+Štajerska+Dolenjska

Click here to take the quiz!

General Stats

  • This quiz has been taken 121 times
  • The average score is 10 of 13

Answers on the Map

Answers color-coded by a green-red scale on the quiz's map according to % correct below.
 

Answer Stats

Answer% Correct
dolina Kolpe
93%
Kamniška Bistrica
91%
Mežiška dolina
91%
Iški vintgar
87%
Logarska dolina
85%
Mislinjska dolina
82%
Pesniška dolina
78%
Matkov Kot
76%
dolina Čabranke
75%
Dragarska dolina
69%
Robanov Kot
69%
Lučka Bela
67%
Ščavniška dolina
67%

Score Distribution

Percentile by Number Answered

Percent of People with Each Score

Your Score History

You have not taken this quiz